000 01776nam0a2200385 4500
001 RU\NLR\bibl\71534
005 20260406055134.0
010 _a5-260-00831-6
_910000
021 _aRU
_b1999-41392
_92038
035 _a(NLR Aleph) 000069796
090 _a384315
_c384315
100 _a20000222d1999 |||y0rusy50 ca
101 0 _arus
102 _aRU
105 _aa |||||||||
200 1 _aКалендарь пчеловода
_fГ.Л. Билаш, Н.И. Кривцов, В.И. Лебедев
210 _aМ.
_cНива России
_cТЕТРА-К
_d1999
215 _a253 с.
_cил.
_d20
225 1 _aДомоводство
300 _aНа обороте тит. л. авт.: Г.Д. Билаш, засл. зоотехник РФ, к.б.н., Н.И. Кривцов, В.И. Лебедев, профессора, д-ра с.-х. наук
300 _aВ вып. дан. 1-й авт.: Билаш Георгий [!] Дмитриевич [!]
320 _aБиблиогр. в подстроч. прим.
606 0 _aПчеловодство
_jКалендари
_9998796
_3RU\NLR\auth\6660675
686 _aП691я25
700 1 _4070
_8rus
_7ca
_aБилаш
_bГ. Д.
_gГригорий Данилович
_3RU\NLR\auth\779558
_9119382
701 1 _4070
_7ca
_8rus
_aКривцов
_bН. И.
_cд-р с.-х. наук
_f1945-2011
_gНиколай Иванович
_9246363
_3RU\NLR\AUTH\770246419
701 1 _4070
_8rus
_7ca
_aЛебедев
_bВ. И.
_f1950-
_cд-р с.-х. наук, пчеловодство
_gВячеслав Иванович
_3RU\NLR\auth\7731558
_914568
801 0 _aRU
_bNLR
_c20000222
_gPSBO
801 1 _aRU
_bNLR
_c20000222
830 _aавт.по кн.
852 _aNLR
_j99-3/19215
942 _cBOOK
980 _aNB